000 00216nam a22001097a 4500
082 _aQUD
100 _aQuddratullah
245 _aShahab Nama URDU
260 _bSingmail pub
_c1988
300 _a1247
942 _cBK
999 _c14817
_d14817